000 01631nam0a2200349 4500
001 RU\NLR\BIBL_A\012110689
005 20191014145958.0
010 _a978-5-9708-0707-1
_9300
021 _aRU
_bКН-П-19-064612
_9КН-П-19-4640
035 _a(NLR Aleph) 012110689
035 _a(RuMoRGB)010080246
090 _a11938889
_c11938889
100 _a20191003d2018 a y0rusy50 ca
101 0 _arus
102 _aRU
105 _aa zzzz||||1ay
200 1 _aУходящая натура
_eрассказы
_fВалерий Анишкин
_g[художник: Т. Ю. Богданова]
210 _aОрёл
_cКартуш
_dcop. 2018
215 _a259 с.
_cил.
_d21
300 _aНа 4-й с. обл. авт.: Анишкин В. Г., филолог, историк
320 _aДр. произведения авт. на 4-й с. обл.
327 0 _aСодерж.: "Нищая" паша; Хозяйка; Василина; К сыну; Как здоровье, батя?; Антагонисты; Кража; Измена; Не хуже других; Как бывало "на картошке" [и др.]
333 _a16+
686 2 _aШ6(2=Р)8-440.5
700 1 _7ca
_8rus
_aАнишкин
_bВ. Г.
_f1938-
_gВалерий Георгиевич
_9177597
_3RU\NLR\AUTH\770177648
702 1 _4040
_aБогданова
_bТ. Ю.
_cпреподаватель, художник
_gТатьяна Юрьевна
_9150986
_3RU\NLR\AUTH\770151024
942 _cBOOK
980 _aNBR
980 _aNB